000 00516nam a2200181Ia 4500
008 090123s9999 xx 000 0 und d
082 _b8121
_a891.463/शहाणे
100 _aशहाणे अशोक
245 _aजन-अरण्य
250 _a1
260 _bअमेय प्रकाशन
300 _a226
600 _aशहाणे अशोक
630 _aजन-अरण्य
700 _aशहाणे अशोक
730 _aजन-अरण्य
942 _cBOOK
999 _c46187
_d46187